| 000 | 00998pam a2200277 a 4500 | ||
|---|---|---|---|
| 999 |
_c6228 _d6228 |
||
| 001 | 4752137 | ||
| 003 | GZU | ||
| 005 | 20210420145228.0 | ||
| 008 | 851107s1986 ilua 001 0 eng | ||
| 010 | _a 85027762 | ||
| 020 |
_a0574195602 (pbk.) : _c$17.95 |
||
| 020 | _a0024068918 | ||
| 040 |
_aDLC _cDLC _dDLC |
||
| 050 | 0 | 0 |
_aTS155 _b.CAS 1986 |
| 082 | 0 | 0 |
_a658.5/092/6 _219 |
| 245 | 0 | 0 |
_aCases in production/operations management / _cedited by Roger W. Schmenner ; contributing authors, Robert D. Landel ... [et al.]. |
| 260 |
_aChicago, New York : _bScience Research Associates / Macmillan Publishing Company, _cc1986. |
||
| 300 |
_avi, 385 p. : _bill. ; _c24 cm. |
||
| 500 | _aIncludes index. | ||
| 650 | 0 |
_aProduction management _xCase studies. |
|
| 700 | 1 |
_aSchmenner, Roger W., _d1947- _eeditor |
|
| 700 | 1 |
_aLandel, Robert D. _econtributing author |
|
| 740 | 0 | _aProduction/operations management. | |
| 906 |
_a7 _bcbc _corignew _d1 _eocip _f19 _gy-gencatlg |
||
| 942 |
_2lcc _cBK _h155 _iCAS _kTS |
||